00514nam a2200193Ia 450000500170000000800410001704100080005808200100006611000550007624500490013125000110018026000250019126000100021630000080022665000300023465000340026465000120029801000100031020250425162109.0250425s9999 xx 000 0 und d aspa a338.9 aINSTITUTO ECUATORIANO DE COOPERACION INTERNACIONAL 0aCOOPERACION PARA EL DESARROLLO: ECUADOR 2001 a1A ED. aEcuadorbINECIc2002 aQUITO a449 aCOOPERACION INTERNACIONAL aDESARROLLO ECONOMICO Y SOCIAL aECUADOR a49637